MARC

LEADER 00000nam0a2200000 4500
001 141268
005 20231031142401.0
010 |a 0387231722 
035 |a (RuTPU)RU\TPU\book\153118 
090 |a 141268 
100 |a 20080807d2005 k y0engy50 ba 
101 0 |a eng 
102 |a US 
105 |a a gl 001zy 
200 1 |a Process Assessment and ISO/IEC 15504. A reference book  |f Han van Loon 
210 |a New York  |c Springer-Verlag  |d 2004 
215 |a 281 p.  |c il. 
320 |a Glossary: p. 265-268. 
320 |a Bibliography: p. 269-281. 
610 1 |a качество 
610 1 |a международные стандарты 
610 1 |a ISO/IEC 15504 
610 1 |a предприятия 
610 1 |a анализ 
610 1 |a контроль 
610 1 |a практические руководства 
610 1 |a английский язык 
675 |a 658.562  |v 3 
700 1 |a Han van Loon 
801 1 |a RU  |b 63413507  |c 20080807  |g PSBO 
801 2 |a RU  |b 63413507  |c 20080919  |g PSBO 
942 |c BK